000 01485cam a2200133 4500500
005 20260405085518.0
041 _afre
042 _adc
100 1 0 _aMarcoccia, Michel
_eauthor
245 0 0 _aAnalyser la communication numérique écrite
260 _bArmand Colin,
_c2016.
520 _aLe développement et la diffusion de l’internet et des technologies numériques ont transformé la communication écrite en faisant émerger une de ses modalités particulières : la communication numérique écrite. Cet ouvrage veut aider les étudiants à appréhender les caractéristiques de ces nouveaux écrits et à analyser diverses situations de communication numérique (messageries, forums, réseaux socio-numériques, tchats, etc.). En mêlant concepts théoriques, principes méthodologiques et description des phénomènes discursifs et communicatifs les plus remarquables, cet ouvrage répond aux diverses questions que peut se poser l’étudiant face à ces écrits : quelles sont les théories et les méthodes les plus pertinentes pour analyser la communication numérique écrite ? Quelles sont les spécificités de ces écrits ? Quels effets a la communication numérique écrite sur l’organisation des échanges communicatifs, sur l’établissement de relations interpersonnelles ou sur la construction de l’identité ?
856 4 1 _uhttps://shs.cairn.info/analyser-la-communication-numerique-ecrite--9782200602987?lang=fr&redirect-ssocas=7080
999 _c2198171
_d2198171